00989nab a22002297a 4500999001500000003000400015005001700019008004100036040000700077100003300084245007500117260007300192300001500265500003700280505010700317505008200424650002300506650004000529650002000569773015700589942001300746 c5699d5699OSt20251229115037.0190429b xxu||||| |||| 00| 0 spa d cPJ 9553aEdwards, Carlos Enrique10aInvalidez de la investigación autónoma policial /cCarlos Edwards. cCiudad Autónoma de Buenos Aires :aThomson Reuters La Ley, b2025. ap. 125-126 aCita: TR LALEY AR/DOC/2204/2025. aFallo comentado: T. de Juicio y Apelaciones Nro. 8, Paraná ~ 09/05/2025 ~ W., E. A. s/ narcomenudeo. tSi te interesa el texto completo, solicitalo a koha@justierradelfuego.gov.ar  09343aDERECHO PENAL 09179aGARANTIAS CONSTITUCIONALES › 094027aPOLICÍA0 0265893164tRevista de derecho penal y criminología. Nº 8 - Octubre 2025dCiudad Autónoma de Buenos Aires : Thomson Reuters La Ley, 2017-x00347914 2udccANA